000 02319nam a2200517 c 4500
999 _c178564
_d178564
003 BLK
005 20250401151646.0
008 180411b bul|||||r ||||||| ||bul||
010 _aKNG00187295000
020 _a978-954-91113-2-3
040 _aBLK
041 _aBUL
_cBUL
_hENG
072 7 _2bullib
_aН92
_xИстория Н
080 _aБългария през периода на общата криза на капитализма (1918-1944)
_b94(497.2)"1918/1945"
_x(092)
_z94(497.2)"1918/1945"(092)
080 _aБългарски банкер, политик
_b929 Буров, Атанас Димитров
_z929 Буров, Атанас Димитров
100 1 _aЦветков, Жоро Драганов
_eпърви автор
_9242255
139 _aЦветков, Жоро Драганов
_bБ 89
245 1 0 _aАтанас Буров
_bЖивот за България
_cЖоро Драганов Цветков.
250 _a4. изд.
257 _aBGR
260 _bФонд. Атанас Буров
_c2016
_fКостинброд : Мултипринт
300 _a472 с.
_bс цв. ил., портр., факс.
_c24 см
380 _a9
500 _a1. изд. 1992 изд. на БАН в сер. Минало и личности. - Пътят към познанието и истината за Буров / Жоро Цветков. - Биогр. данни за авт. - Рез. на англ. ез.
600 1 4 _aБуров, Атанас Димитров
_9382923
650 4 _aБуров, Атанас Димитров
_9382923
650 4 _aПолитици, български - биографии
_9250984
650 0 _aБългария - история, нова
_9241998
651 4 _aБългария
_9241624
653 _aАтанас Буров
653 _aбанкери
653 _aполитици
653 _aбългарска история
653 _aбиографии
653 _aнова история
659 _aН
852 _aЦб 280100
852 _aК 94(497.2)"1878..."/Б 89 А
856 4 _qpdf
856 4 _qpdf
942 _cKNG
_n0
_020
_s1
944 _aCR
_c05.04.2016
_lЦветелина Шанова
_k30531
944 _aED
_c06.07.2017
_lф /
_kВиолета_Тройчева
999 _d178564
999 _d178564